| 000 | 01321nac a22003251u 4500 | ||
|---|---|---|---|
| 010 | _a 2007026993 | ||
| 020 | _a9780073375670 (alk. paper) | ||
| 020 | _a0073375675 (alk. paper) | ||
| 035 | _a(OCoLC)ocn148732161 | ||
| 035 | _a(OCoLC)148732161 | ||
| 082 | 0 | 0 |
_a337 _bAPP |
| 090 |
_c8695 _d8695 |
||
| 100 | _aAppleyard, Dennis R. | ||
| 245 | 1 | 0 |
_aInternational economics / _cDennis R. Appleyard, Alfred J. Field, Jr., Steven L. Cobb. |
| 250 |
_a6th ed. _bMcGraw-Hill International ed. |
||
| 260 |
_aBoston : _bMcGraw-Hill Irwin,c2008. _cc2008. |
||
| 300 |
_axxvii, 804 p. : _bill. ; _c26 cm. |
||
| 500 | _aDistributer: Baccah. | ||
| 504 | _aIncludes bibliographical references (p. 769-788) and index. | ||
| 511 | _aCatalogued By: Mahitab. | ||
| 650 | 0 | _aInternational economic relations. | |
| 650 | 0 | _aInternational trade. | |
| 650 | 0 | _aInternational finance. | |
| 700 | 1 | _aField, Alfred J. | |
| 700 | 1 | _aCobb, Steven L. | |
| 856 | 4 | 1 |
_3Table of contents only _uhttp://www.loc.gov/catdir/enhancements/fy0743/2007026993-t.html |
| 856 | 4 | 1 |
_3Publisher description _uhttp://www.loc.gov/catdir/enhancements/fy0743/2007026993-d.html |
| 942 |
_cBB _k337APP |
||
| 999 |
_c8695 _d8695 |
||